000 00587nam a2200217 a 4500
005 20141113020002.0
008 140220b1995 enk||||| |||| 00| 0 eng d
020 _a0691085374
041 _aeng
044 _aenk
090 _aLB
_b00296
100 _aHenderson, Andrew
_97307
245 _aField guide to the palms of the Americas
260 _aNew Jersey
_bPrinceton University Press
_c1995
300 _a416 p.
650 _aPalmas
_927098
650 _aClaves taxonómicas
_93514
700 _aBernal, Rodrigo G.
_93790
700 _aGaleano, Gloria
_9443
942 _cImpreso
_2z
_01
999 _c316
_d316